AH International Schools' Libraries

(KHMER) Grandmother's morale / (Record no. 49985)

MARC details
000 -LEADER
fixed length control field 00286nam a2200109 4500
020 ## - INTERNATIONAL STANDARD BOOK NUMBER
International Standard Book Number 9789996301612
100 ## - MAIN ENTRY--PERSONAL NAME
Personal name Dim Dawn
9 (RLIN) 67571
245 ## - TITLE STATEMENT
Title (KHMER) Grandmother's morale /
Statement of responsibility, etc Dawn Dim
260 ## - PUBLICATION, DISTRIBUTION, ETC. (IMPRINT)
Place of publication, distribution, etc Cambodia
Name of publisher, distributor, etc Reading Book
Date of publication, distribution, etc 2012
300 ## - PHYSICAL DESCRIPTION
Extent 24 p.
Other physical details col. ill.
Dimensions 25 cm.
942 ## - ADDED ENTRY ELEMENTS (KOHA)
Source of classification or shelving scheme
Koha item type Book
Holdings
Withdrawn status Lost status Source of classification or shelving scheme Damaged status Not for loan Collection code Home library Current library Shelving location Date acquired Total Checkouts Full call number Barcode Date last seen Date checked out Price effective from Koha item type
          Siem Riep Asian Hope Siem Reap Asian Hope Siem Reap SECONDARY 12/11/2025 1 KHMER E DIM 209574 04/30/2026 04/09/2026 12/11/2025 Book

For any Logos Library related questions please contact Miss Art at swongnarasuk@asianhope.org.

For any Asian Hope Library related questions please contact Miss Raza at graza@asianhope.org.

Powered by Koha